00931nam a2200289 i 4500001000300000003000400003005001700007008003900024015001700063040001400080080001500094080001200109100003800121245007400159250001200233260003300245300002800278504001400306655003000320650002800350710003200378700004500410942001200455856009800467999001700565952005900582bgBPK20191024091121.0070620s1969 pl a f f |000 0 pol aPB 1969/8944 aWA NcBPK a624.012.45 a(075.8)1 aKobiak, Jerzyd(1919-1975)eAutor10aKonstrukcje żelbetowe.nCz. 1 /cJerzy Kobiak, Stachurski Wiesław. aWyd. 3. aWarszawa :b"Arkady",c1967. a661 s. :bil. ;c23 cm. aBibliogr. 4aPodręczniki akademickie 4aKonstrukcje żelbetowe2 aWydawnictwo "Arkady".4pbl.1 aStachurski, Wiesławd(1926-2009)eAutor 2UKDcKS uhttp://koha.tu.koszalin.pl/cgi-bin/koha/opac-detail.pl?biblionumber=10686yKatalog online BPK c10686d10686 00104070aBPKbBPKcwo219p02088907s2021-02-18yKS